La Gestió econòmica en els ajuntaments adscrits : assistència a la Gestió Econòmica Local assistència a la Gestió Econòmica Local
Descripción Física:
66 pàgines ; 30 cm
Materias:
Administració local -- Comptabilitat
Idioma:
Catalán
MARC
| LEADER | 00000nam a2200000uc 4500 | ||
|---|---|---|---|
| 001 | 27015043 | ||
| 008 | s2006||||sp ||||gr|||| ||| ||cat|d | ||
| 040 | |a BGR |b cat | ||
| 245 | 0 | 3 | |a La Gestió econòmica en els ajuntaments adscrits : |b assistència a la Gestió Econòmica Local |
| 260 | |a Barcelona : |b Servei d'Assistència a la Gestió Econòmica Local, |c 2006 | ||
| 300 | |a 66 pàgines ; |c 30 cm | ||
| 500 | |a A la coberta: Jornada ASGEL 2006.- Conté les diapositives de la presentació de la jornada. | ||
| 650 | 1 | 0 | |a Administració local |x Comptabilitat |9 11210 |
| 710 | 1 | |a Barcelona (Catalunya : Província). |b Servei d’Assistència a la Gestió Econòmica Local |9 53081 | |
| 942 | |c ARXIU |2 udc |n 1 | ||
| 952 | |0 0 |1 0 |4 0 |6 BIB745 |7 1 |9 62594 |a Arxiu |b Arxiu |d 2022-06-30 |l 0 |o Bib-745 |p 26107 |r 2022-06-30 00:00:00 |w 2022-06-30 |y ARXIU |z Donatiu BGR | ||
| 999 | |c 23959 |d 23959 | ||